Educational opportunities for young workers /

Bibliographic Details
Main Author: Evans, Owen D. (Owen David), 1876-
Format: Book
Language:English
Published: New York : Macmillan, 1926.
Series:Studies in adult education.
Subjects:

MARC

Tag First Indicator Second Indicator Subfields
LEADER 00000cam a2200000 4500
001 in00000075252
005 20151008052616.0
008 740128s1926 nyu b 00000 eng u
010 |a  26023876  
035 |a (OCoLC)00783426 
035 |9 AAH4099AM 
040 |c CSU  |d TXA  |d UtOrBLW 
049 |a TXAM  |c [51338] 
050 0 |a LC5251  |b .E8 
092 |a 374.8  |b E92e 
100 1 |a Evans, Owen D.  |q (Owen David),  |d 1876- 
245 1 0 |a Educational opportunities for young workers /  |c by Owen D. Evans... 
264 1 |a New York :  |b Macmillan,  |c 1926. 
300 |a xi pages, 2., 3-380p :  |b tables(1 folded)diagrams ;  |c 21cm. 
336 |a text  |b txt  |2 rdacontent 
337 |a unmediated  |b n  |2 rdamedia 
338 |a volume  |b nc  |2 rdacarrier 
490 1 |a Studies in adult education 
500 |a "References" at end of most of the chapters. 
650 0 |a Working class  |x Education. 
650 0 |a Apprentices. 
650 0 |a Evening and continuation schools. 
650 0 |a Adult education. 
830 0 |a Studies in adult education. 
999 |a MARS 
999 f f |s 121e6d46-44f1-3ccc-ade6-513237733019  |i 8b2624bc-564d-37e6-a23f-9d942de2367e  |t 0 
952 f f |p normal  |a Texas A&M University  |b College Station  |c Sterling C. Evans Library  |d Evans: Library Stacks  |t 0  |e LC5251 .E8  |h Library of Congress classification  |i unmediated -- volume  |m A14800857496 
998 f f |a LC5251 .E8  |t 0  |l Evans: Library Stacks